Economic Analysis & (Record no. 36037)
[ view plain ]
| 000 -LEADER | |
|---|---|
| fixed length control field | 00466nam a22001817a 4500 |
| 005 - DATE AND TIME OF LATEST TRANSACTION | |
| control field | 20240704111259.0 |
| 008 - FIXED-LENGTH DATA ELEMENTS--GENERAL INFORMATION | |
| fixed length control field | 240704b |||||||| |||| 00| 0 eng d |
| 020 ## - INTERNATIONAL STANDARD BOOK NUMBER | |
| ISBN | 9780409805970 |
| 082 ## - DEWEY DECIMAL CLASSIFICATION NUMBER | |
| Classification number | 330 |
| Item number | STA-E |
| 100 ## - MAIN ENTRY--AUTHOR | |
| Author Name | Stager, David |
| 245 ## - TITLE STATEMENT | |
| Title | Economic Analysis & |
| Remainder of title | Canadian Policy/ |
| Statement of responsibility, etc. | David Stager |
| 250 ## - EDITION STATEMENT | |
| Edition statement | 6th ed. |
| 260 ## - PUBLICATION, DISTRIBUTION, ETC. | |
| Place of Publication | Canada |
| Name of publisher, distributor, etc. | Butterworths Company/ |
| Date of publication, distribution, etc. | 1988. |
| 300 ## - PHYSICAL DESCRIPTION | |
| Pages | 248 p,: |
| 650 ## - SUBJECT ADDED ENTRY--TOPICAL TERM | |
| Subject / Department | Economics |
| 300 ## - PHYSICAL DESCRIPTION | |
| -- | 23.5 cm. |
| 952 ## - LOCATION AND ITEM INFORMATION (KOHA) | |
| -- | 0 |
| -- | 0 |
| Lost status | Damaged status | Collection code | Permanent Location | Current Location | Shelving Location | Date acquired | Full Call Number | Accession No./Barcode | Date last seen | item type | Koha item type |
|---|---|---|---|---|---|---|---|---|---|---|---|
| Economics/Commerce | Superior Information Resource Center (SIRC) Superior University - City Campus | Superior Information Resource Center (SIRC) Superior University - City Campus | Economics | 07/04/2024 | 330 STA-E 1988 | 20618 | 07/04/2024 | BOOK | BOOK |
